| 000 | 00767cam a22002292 4500 | ||
|---|---|---|---|
| 001 | 0000003360 | ||
| 005 | 20151217155821.0 | ||
| 008 | 070504s xx 000 0 eng d | ||
| 020 | _a9966915567 : | ||
| 040 |
_aKABU _cKABU |
||
| 050 | 0 |
_aJQ2947 _b.A91K46 |
|
| 245 | 1 | 0 |
_aKenya's democratization : _bgains or loses?: appraising the post KANU state of affairs / _ced. by Winnie Mitullah, Morris Odhiambo, Osogo Ambani. |
| 260 |
_aNairobi : _bClaripress, _c2005. |
||
| 300 | _axi, 94 p. | ||
| 650 | 0 |
_aDemocracy _zKenya. _@0000153228 |
|
| 700 | 1 |
_aMitullah, Winnie. _@0000153229 |
|
| 700 | 1 |
_aOdhiambo, Morris. _@0000152868 |
|
| 700 | 1 |
_aAmbani, Osogo. _@0000153230 |
|
| 908 | _a070504 | ||
| 950 | _@1 | ||
| 999 |
_c12826 _d12826 |
||